Music Quiz

Random Music or Song Quiz

Every U2 Song by Any Word Quiz Stats

 Plays Quiz Updated Sep 14, 2018

Challenge
Share
Tweet
Embed
Score 0/141 Timer 07:00
0 Plays Today
Album Song % Correct
OctoberI Threw a Brick Through a Window
97.9%
All That You Can't Leave BehindWhen I Look at the World
97.8%
All That You Can't Leave BehindStuck in a Moment You Can't Get Out Of
97.7%
BoyA Day Without Me
97.6%
No Line on the HorizonNo Line on the Horizon
97.1%
The Unforgettable FirePride (In the Name of Love)
97%
The Joshua TreeWhere the Streets Have No Name
97%
Rattle and HumAll I Want Is You
96.9%
OctoberWith a Shout
96.8%
The Joshua TreeI Still Haven't Found What I'm Looking For
96.7%
OctoberStranger in a Strange Land
96.5%
All That You Can't Leave BehindIn a Little While
96.5%
The Unforgettable FireA Sort of Homecoming
96.1%
No Line on the HorizonI'll Go Crazy If I Don't Go Crazy Tonight
96.1%
PopStaring at the Sun
95.9%
How to Dismantle an Atomic BombSometimes You Can't Make It on Your Own
95.6%
How to Dismantle an Atomic BombA Man and a Woman
95.6%
WarLike a Song...
95.5%
BoyI Will Follow
95.5%
Songs of InnocenceSleep Like a Baby Tonight
95.4%
OctoberI Fall Down
95.2%
Achtung BabyTryin' to Throw Your Arms Around the World
95.1%
The Joshua TreeMothers of the Disappeared
95%
Achtung BabyUntil the End of the World
94.9%
Songs of InnocenceThe Miracle (Of Joey Ramone)
94.9%
The Unforgettable FireThe Unforgettable Fire
94.4%
The Joshua TreeBullet the Blue Sky
94.3%
How to Dismantle an Atomic BombOriginal of the Species
94.3%
Songs of InnocenceThis Is Where You Can Reach Me Now
94%
BoyThe Electric Co.
94%
The Joshua TreeWith or Without You
93.9%
Achtung BabyEven Better than the Real Thing
93.6%
Songs of InnocenceCalifornia (There Is No End to Love)
93.6%
Achtung BabyThe Fly
93.4%
BoyInto the Heart
93.3%
ZooropaThe First Time
92.9%
Songs of InnocenceThe Troubles
92.7%
WarThe Refugee
92.6%
ZooropaThe Wanderer
92.5%
PopThe Playboy Mansion
92.5%
How to Dismantle an Atomic BombAll Because of You
92.5%
BoyThe Ocean
92.4%
How to Dismantle an Atomic BombLove and Peace or Else
91.1%
Rattle and HumWhen Love Comes to Town
91%
No Line on the HorizonGet on Your Boots
89.2%
PopIf You Wear That Velvet Dress
88.8%
PopDo You Feel Loved
87.1%
Album Song % Correct
Rattle and HumLove Rescue Me
87.1%
Achtung BabyLove Is Blindness
86.1%
PopLast Night on Earth
85.9%
All That You Can't Leave BehindPeace on Earth
85.2%
All That You Can't Leave BehindWalk On
84.9%
BoyAn Cat Dubh
81.9%
The Joshua TreeIn God's Country
80.4%
The Joshua TreeOne Tree Hill
80.3%
The Joshua TreeRunning to Stand Still
80.2%
WarTwo Hearts Beat as One
79.4%
WarNew Year's Day
79%
OctoberIs That All?
76.7%
ZooropaDaddy's Gonna Pay for Your Crashed Car
76.4%
BoyOut of Control
76.2%
Rattle and HumAngel of Harlem
75.6%
How to Dismantle an Atomic BombCity of Blinding Lights
75.6%
No Line on the HorizonMoment of Surrender
75.2%
All That You Can't Leave BehindBeautiful Day
74.4%
PopIf God Will Send His Angels
73.8%
ZooropaDirty Day
73.8%
How to Dismantle an Atomic BombOne Step Closer
73.4%
Achtung BabyWho's Gonna Ride Your Wild Horses
73.3%
The Unforgettable Fire4th of July
73.3%
Achtung BabyOne
73.2%
No Line on the HorizonCedars of Lebanon
73%
Rattle and HumFreedom for My People
72.8%
Songs of InnocenceIris (Hold Me Close)
71.9%
The Unforgettable FireElvis Presley & America
71.1%
Achtung BabyUltraviolet (Light My Way)
69.7%
BoyShadows and Tall Trees
68.1%
ZooropaStay (Faraway, So Close!)
68%
Songs of InnocenceSong for Someone
67.7%
How to Dismantle an Atomic BombCrumbs from Your Table
63.8%
Achtung BabySo Cruel
63.6%
The Joshua TreeTrip Through Your Wires
62.8%
WarSunday Bloody Sunday
62.3%
BoyStories for Boys
60.1%
Rattle and HumGod Part II
57.8%
ZooropaSome Days Are Better than Others
56.1%
PopWake Up Dead Man
52.4%
Achtung BabyZoo Station
51.9%
The Joshua TreeRed Hill Mining Town
50.8%
WarRed Light
48.3%
All That You Can't Leave BehindNew York
47.5%
How to Dismantle an Atomic BombVertigo
44.6%
No Line on the HorizonWhite as Snow
44.2%
OctoberFire
44.1%
Album Song % Correct
OctoberOctober
41.4%
ZooropaZooropa
40.8%
No Line on the HorizonStand Up Comedy
39.5%
WarDrowning Man
38.4%
Achtung BabyMysterious Ways
38.2%
The Unforgettable FireBad
34.6%
ZooropaLemon
33.1%
Songs of InnocenceRaised by Wolves
32.7%
All That You Can't Leave BehindElevation
32.4%
The Unforgettable FireIndian Summer Sky
31.3%
Rattle and HumDesire
30.5%
BoyAnother Time, Another Place
30.4%
OctoberGloria
29.3%
The Unforgettable FireMLK
29%
War'40'
28.8%
ZooropaNumb
28.1%
Songs of InnocenceEvery Breaking Wave
27.5%
Rattle and HumVan Diemen's Land
26.6%
PopDiscotheque
26.4%
The Joshua TreeExit
26.1%
PopGone
24.7%
All That You Can't Leave BehindWild Honey
24.4%
Achtung BabyAcrobat
24.1%
All That You Can't Leave BehindKite
22.6%
The Unforgettable FireWire
22.1%
No Line on the HorizonMagnificent
21.7%
How to Dismantle an Atomic BombMiracle Drug
21.6%
WarSeconds
21.2%
All That You Can't Leave BehindGrace
20.6%
How to Dismantle an Atomic BombYahweh
20.5%
No Line on the HorizonFez-Being Born
20.2%
PopPlease
20%
PopMofo
19.8%
WarSurrender
18.4%
ZooropaBabyface
17.8%
PopMiami
17.7%
Songs of InnocenceCedarwood Road
17.6%
BoyTwilight
16.9%
OctoberTomorrow
16.4%
The Unforgettable FirePromenade
16.2%
Rattle and HumHawkmoon 269
16.1%
No Line on the HorizonBreathe
15.6%
No Line on the HorizonUnknown Caller
14.7%
OctoberRejoice
14.5%
Songs of InnocenceVolcano
14.4%
OctoberScarlet
14.2%
Rattle and HumHeartland
13.5%

You're not logged in!

Compare scores with friends on all Sporcle quizzes.
OR
Log In

You Might Also Like...

Show Comments

Extras

Top Quizzes Today


Score Distribution

Your Account Isn't Verified!

In order to create a playlist on Sporcle, you need to verify the email address you used during registration. Go to your Sporcle Settings to finish the process.

Report this User

Report this user for behavior that violates our Community Guidelines.

Details: